Normal view
MARC view
Entry Personal Name
001 - CONTROL NUMBER
- control field: 16510
003 - CONTROL NUMBER IDENTIFIER
- control field: OSt
005 - DATE AND TIME OF LATEST TRANSACTION
- control field: 20230322152646.0
008 - FIXED-LENGTH DATA ELEMENTS
- fixed length control field: 230322|| aca||aabn | a|a d
040 ## - CATALOGING SOURCE
- Original cataloging agency: OSt
- Transcribing agency: OSt
100 ## - HEADING--PERSONAL NAME
- Personal name: Upton,Dorminic;Upton,Penny;
670 ## - SOURCE DATA FOUND
- Source citation: Work cat.: (OSt)0: Upton,Dorminic;Upton,Penny;, Test Yourself-Research methods and design in psychology /, 2011.
